000
00265nam a22000977a 4500
999
_c
11688
_d
11688
008
191203b ||||| |||| 00| 0 eng d
020
_a
9780670844814
100
_a
Scieszka Jon
_9
7387
245
_a
Your Mother Was a Neanderthal
260
_a
New York
_b
Penguin group
_c
1993